000 01000nam a22002537a 4500
001 22173
005 20260415095443.0
008 260401b |||||||| |||| 00| 0 spa d
041 _aESP
082 _a621.815
_bSH744
100 _aBudynas, Richard G.
_eAUT
245 _aDiseño en ingeniería mecánica de Shigley
260 _a :
_b ,
_c2012
300 _axxv, 1039 páginas :
_b ;
_c27 cm.
440 _a ;
650 _aTCA
654 _aCIM
700 _a;
856 _uhttps://itmsp.museknowledge.com/UCSP?url=https://www.ebooks7-24.com:443/?il=16368&pg=1
_zVersión digital (2021)
856 _uhttps://0u213vatz-y-https-ebooks7--24-com.itmsp.museknowledge.com/biblioteca.aspx
_zVéase además: Base de datos Ebook7-24
856 _uhttps://0u206vau5-y-https-ieeexplore-ieee-org.itmsp.museknowledge.com/Xplore/home.jsp
_zVéase además: Base de datos IEEE Xplore
856 _uhttps://dl.acm.org/
_zVéase además: Base de datos ACM Digital Library
942 _cLIB
_dJUS
_fJUS
_n0
_2ddc
999 _c22173
_d22173